MARC

LEADER 00000nas a2200000 a 4500
001 ssj0000399124
003 WaSeSS
005 20200512172242.0
006 m d
007 cr n
008 060322c19929999fr x s s i0 0eng c
010 |a  2008205274  |z  94232034   |z  98222889  
022 |l 2079-8385  |y 2079-8385 
035 |a (WaSeSS)ssj0000399124 
040 |a COD  |b eng  |c COD  |d COD  |d DLC  |d WAU  |d OCLCQ  |d OCLCO  |d OCLCF  |d OCLCO  |d CUS  |d OCLCA  |d OCLCQ  |d WaSeSS 
042 |a pcc 
050 0 0 |a HD9685.A2  |b P752 
210 0 |a Proj. costs gener. electr. 
222 0 |a Projected costs of generating electricity 
245 0 0 |a Projected costs of generating electricity  |h [electronic resource]. 
260 |a Paris :  |b Organisation for Economic Co-operation and Development 
310 |a Irregular 
362 1 |a Began in 1992? 
506 |a License restrictions may limit access. 
550 |a Updates for <1998-2010> issued by International Energy Agency with OECD Nuclear Energy Agency. 
588 |a Description based on: Update 1992. 
588 |a Latest issue consulted: 2010 edition. 
650 0 |a Electric utilities  |x Costs  |x Forecasting. 
650 0 |a Electric power-plants  |x Costs. 
650 0 |a Nuclear industry  |x Costs. 
650 0 |a Coal-fired power plants  |x Costs. 
650 7 |a Coal-fired power plants  |x Costs.  |2 fast  |0 (OCoLC)fst00865574 
650 7 |a Electric power-plants  |x Costs.  |2 fast  |0 (OCoLC)fst00905654 
650 7 |a Electric utilities  |x Costs  |x Forecasting.  |2 fast  |0 (OCoLC)fst00905996 
650 7 |a Nuclear industry  |x Costs.  |2 fast  |0 (OCoLC)fst01040257 
655 0 |a Electronic journals. 
710 2 |a OECD Nuclear Energy Agency. 
710 2 |a International Energy Agency. 
710 2 |a Organisation for Economic Co-operation and Development. 
780 0 0 |t Projected costs of generating electricity from power stations for commissioning in the period 1995-2000 
850 |a DLC 
856 4 0 |z Full text available from Research Library: 01/01/2010 to 01/31/2015  |u https://search.proquest.com/publication/2026454